[Event "TCh-SRB Premier Men"]
[Site "Valjevo SRB"]
[Date "2011.08.31"]
[Round "5.1"]
[White "Jesenski,T"]
[Black "Bojovic,D"]
[Result "0-1"]
[WhiteElo "2313"]
[BlackElo "2320"]

1.d4 Nf6 2.Nf3 g6 3.c4 Bg7 4.g3 d6 5.Bg2 O-O 6.O-O Nc6 7.Nc3 a6 8.b3 Bg4
9.Bb2 Rb8 10.h3 Bd7 11.e4 e5 12.d5 Ne7 13.Nd2 Nh5 14.b4 Bh6 15.c5 b6 16.c6 Bc8
17.Nc4 Qe8 18.Ne2 b5 19.Na5 f6 20.Bc1 Bxc1 21.Qxc1 f5 22.f3 Rb6 23.Qd2 Qf7
24.Kh2 Qg7 25.Rg1 g5 26.g4 fxg4 27.fxg4 Nf4 28.Nxf4 Rxf4 29.Rgf1 Ng6 30.Nb3 Rxf1
31.Rxf1 Nf4 32.Bf3 Qh6 33.Kg1 Qxh3 34.Qh2 Bxg4 35.Qxh3 Nxh3+ 36.Kg2 Nf4+
37.Kg3 Bxf3 38.Kxf3 Kg7 39.Rd1 Rb8 40.Nc5 dxc5 41.bxc5 Kf6 42.d6 Ne6 43.Kg4 Nd4
44.Kh5 Ke6 45.dxc7 Rc8 46.Kxg5 Rxc7 47.Rh1 Nxc6  0-1

[Event "10th Sunny Beach Open"]
[Site "Sunny Beach BUL"]
[Date "2011.09.01"]
[Round "6.45"]
[White "Kanasirev,P"]
[Black "Nancheva,Doroteya"]
[Result "1-0"]
[WhiteElo "2115"]
[BlackElo "1788"]

1.d4 Nf6 2.Nf3 g6 3.c4 Bg7 4.g3 d6 5.Bg2 O-O 6.O-O Nbd7 7.Nc3 e5 8.h3 c6
9.e4 Qb6 10.d5 Nc5 11.Re1 cxd5 12.cxd5 Bd7 13.Rb1 Qb4 14.Bd2 Rac8 15.Bf1 Qb6
16.b4 Ncxe4 17.Nxe4 Nxe4 18.Rxe4 Bf5 19.Be3 Qd8 20.Rc4 Rxc4 21.Bxc4 Bxb1
22.Qxb1 Qf6 23.Nd2 b6 24.Bf1 Rc8 25.a4 Qd8 26.Nc4 f5 27.b5 Qf8 28.Bc1 Rc5
29.Ba3 Rxd5 30.Ne3 Rd2 31.Bb4 Rd4 32.Nc2 Re4 33.Bd3 Rxb4 34.Nxb4 e4 35.Bc4+ Kh8
36.Nc6 Qc8 37.Qd1 Qd7 38.Qd5 Qe8 39.Qxd6 e3 40.Qd8 exf2+ 41.Kxf2  1-0

[Event "10th Sunny Beach Open"]
[Site "Sunny Beach BUL"]
[Date "2011.09.03"]
[Round "8.46"]
[White "Kanasirev,P"]
[Black "Pantev,T"]
[Result "1-0"]
[WhiteElo "2115"]
[BlackElo "1824"]

1.d4 Nf6 2.c4 g6 3.Nf3 Bg7 4.g3 O-O 5.Bg2 d6 6.O-O Nc6 7.Nc3 a6 8.d5 Na5
9.b3 c5 10.Qc2 Rb8 11.Bb2 b5 12.Nd2 e5 13.dxe6 fxe6 14.Rfd1 bxc4 15.bxc4 Ng4
16.Bf3 Ne5 17.Na4 Nxf3+ 18.Nxf3 Bxb2 19.Nxb2 Bb7 20.Nd2 Qf6 21.Nd3 e5 22.Rf1 Qe6
23.Rab1 Nc6 24.e3 Qh3 25.f3 Qh6 26.Rbe1 Ne7 27.Nb2 Nf5 28.Nd1 Qh3 29.Re2 Ng7
30.Nc3 Qe6 31.Nde4 Bxe4 32.Qxe4 Rb4 33.Nd5 Rbb8 34.Kg2 Ne8 35.Rb1 Rxb1 36.Qxb1 Nf6
37.Nxf6+ Qxf6 38.Qb7 Rf7 39.Qd5 Kg7 40.Rd2 g5 41.g4 h5 42.h3 hxg4 43.hxg4 Rf8
44.Qc6 Rd8 45.Rb2 Rf8 46.Rb7+ Rf7 47.Rxf7+ Kxf7 48.Qxa6 Qg6 49.Qb7+ Ke8 50.Qb3 Qh6
51.a4 Qh4 52.Qb1 Kd7 53.a5 Qh8 54.Qb7+ Ke6 55.a6 Qh4 56.Qd5+ Kd7 57.a7 Qe1
58.Qf7+  1-0

[Event "InventiChess GM"]
[Site "Antwerp BEL"]
[Date "2011.09.04"]
[Round "2"]
[White "Michiels,B"]
[Black "Docx,S"]
[Result "1-0"]
[WhiteElo "2501"]
[BlackElo "2328"]

1.d4 Nf6 2.c4 d6 3.Nf3 g6 4.g3 Bg7 5.Bg2 O-O 6.Nc3 c6 7.O-O Bf5 8.Ne1 e5
9.d5 cxd5 10.cxd5 Na6 11.e4 Bd7 12.Nd3 b5 13.b4 Qb8 14.Bd2 Rc8 15.Rc1 Rc4
16.a3 Qb7 17.Nb2 Rc7 18.Qb3 Rac8 19.Ne2 Rxc1 20.Rxc1 Nc7 21.f3 Na8 22.Rxc8+ Bxc8
23.Be3 Bd7 24.Qc3 Ne8 25.Nc1 a6 26.Nb3 Qc7 27.Qxc7 Naxc7 28.Na5 f5 29.Nd1 Nf6
30.Ba7 Kf7 31.Kf1 Bh6 32.Nb7 Ke7 33.Nxd6 fxe4 34.fxe4 Bg4 35.Nf2 Ncxd5 36.Nxg4 Nxg4
37.exd5 Kxd6 38.Bb8+ Ke7 39.d6+ Ke8 40.Ke2 Bc1 41.Bc6+ Kd8 42.a4 bxa4 43.Bxa4 Nf6
44.Ba7 Nd7 45.Kd3 e4+ 46.Kxe4 Ba3 47.Kd5 Bxb4 48.Be3 Bc3 49.Ke6 Nf8+ 50.Kf7 Nd7
51.Bg5+  1-0

[Event "TCh-POL 1st League"]
[Site "Mrzezyno POL"]
[Date "2011.09.04"]
[Round "2"]
[White "Stachowiak,K"]
[Black "Nguyen,P"]
[Result "1/2-1/2"]
[WhiteElo "2425"]
[BlackElo "2368"]

1.d4 Nf6 2.Nf3 g6 3.c4 Bg7 4.g3 O-O 5.Bg2 d6 6.Nc3 Nc6 7.O-O a6 8.b3 Rb8
9.Bb2 b5 10.cxb5 axb5 11.Rc1 b4 12.Na4 Na5 13.Nd2 Bd7 14.Nc4 Nxc4 15.Rxc4 d5
16.Rc5 Bb5 17.a3 Qd7 18.axb4 Bxa4 19.bxa4 Rxb4 20.Ba3 Rxa4 21.Rxc7 Qxc7 22.Qxa4 Qb7
23.Qb4 Qxb4 24.Bxb4 Re8 25.Rc1 e6 26.e3 Bf8 27.Bxf8 Kxf8 28.Rc7 Re7 29.Rc8+ Re8
30.Rc7 Re7  1/2-1/2

[Event "Paignton Ron Bruce Premier"]
[Site "Paignton ENG"]
[Date "2011.09.04"]
[Round "1"]
[White "Wells,Jonathan C"]
[Black "Ledger,D"]
[Result "0-1"]
[WhiteElo "2052"]
[BlackElo "2228"]

1.d4 Nf6 2.c4 g6 3.g3 Bg7 4.Bg2 O-O 5.Nf3 d6 6.Nc3 c6 7.O-O Qa5 8.e4 e5 9.d5 cxd5
10.cxd5 b5 11.Nd2 b4 12.Ne2 Ba6 13.Nb3 Qa4 14.Bd2 Rc8 15.Re1 Bd3 16.Nec1 Bc2
17.Qf3 Rc4 18.Qe2 Rc7 19.f3 Nbd7 20.Be3 Rac8 21.Bf1 Nb6 22.Nd2 Nfd7 23.Qb5 f5
24.b3 Qa3 25.Nd3 Bxd3 26.Bxd3 Nc5 27.Bf1 f4 28.Bf2 fxg3 29.hxg3 Bh6 30.Qe2 Ncd7
31.Qd1 Qb2 32.Nc4 Nxc4 33.Bxc4 Nb6 34.Bd3 Rc1 35.Rxc1 Rxc1 36.Qe2 Qxe2 37.Bxe2 Rc2
38.Bd3 Rxa2 39.Bxb6 axb6 40.Re2 Ra3 41.Bc2 Bc1 42.Bd1 Ra1 43.Kf2 Bg5 44.Ke1 h5
45.Rc2 Be3 46.Ke2 Bc5 47.Rd2 g5 48.Kf1 Kg7 49.Kg2 Be3 50.Rd3 Ra2+ 51.Kf1 Bc5
52.Be2 Kg6 53.Rd1 Rb2 54.Rd3 Ra2 55.Rd1 h4 56.gxh4 gxh4 57.Re1 h3  0-1

[Event "Richard Reti Mem"]
[Site "Trnava SVK"]
[Date "2011.09.04"]
[Round "9.12"]
[White "Banduka,Z"]
[Black "Sklars,T"]
[Result "1-0"]
[WhiteElo "2122"]
[BlackElo "1886"]

1.d4 Nf6 2.c4 g6 3.g3 Bg7 4.Bg2 O-O 5.Nf3 d6 6.O-O c6 7.Nc3 Qa5 8.h3 Be6
9.Bd2 Bxc4 10.Re1 Qc7 11.Rc1 Nbd7 12.b3 Ba6 13.d5 c5 14.g4 b5 15.Bf4 Nb6
16.e4 Nfd7 17.Bf1 c4 18.Nd4 b4 19.Ncb5 Qc5 20.bxc4 Ne5 21.Nb3 Qc8 22.c5 dxc5
23.Nxc5 Bxb5 24.Bxb5 Qd8 25.Kg2 Rc8 26.Ba6 Rc7 27.Qb3 Qd6 28.Nb7 Rxc1 29.Nxd6 Rxe1
30.Qxb4 Ra1 31.Nb7 e6 32.d6 Rb8 33.Qc5 Ned7 34.Qa5 Rc8 35.Bb5 Bc3 36.Qa3 Rb1
37.Bxd7 Nxd7 38.Qxa7 Kf8 39.Bh6+ Ke8 40.Be3 Rb5 41.a4 Rb4 42.Nc5 Rd8 43.Bg5 Bd4
44.Qa5  1-0

[Event "TCh-SRB Premier Men"]
[Site "Valjevo SRB"]
[Date "2011.09.04"]
[Round "9.4"]
[White "Markus,Rob"]
[Black "Damljanovic,B"]
[Result "1-0"]
[WhiteElo "2652"]
[BlackElo "2611"]

1.d4 d6 2.Nf3 Nf6 3.c4 g6 4.g3 Bg7 5.Bg2 O-O 6.O-O c6 7.Nc3 Qa5 8.e4 e5 9.h3 Be6
10.d5 cxd5 11.cxd5 Bd7 12.Be3 Rc8 13.Nd2 Be8 14.Qe2 Nbd7 15.a3 Qd8 16.Rfc1 a6
17.a4 h5 18.a5 h4 19.g4 Nh7 20.Nc4 Qe7 21.Na4 Bf6 22.Nab6 Nxb6 23.Nxb6 Rxc1+
24.Rxc1 Rd8 25.Qc4 Bg5 26.Qc7 Qf6 27.Rc3 Kg7 28.Qxb7 Bb5 29.Qc7 Bf4 30.Rb3 Ng5
31.Qc1 Rg8 32.Bxf4 exf4 33.Qc3 f3 34.Bxf3 Nxh3+ 35.Kh2 Nxf2 36.Rxb5 axb5
37.a6 Nd3 38.Qxf6+ Kxf6 39.Be2 Nc5 40.a7 Na4 41.a8=Q Rxa8 42.Nxa8 Nxb2 43.Bxb5 Nd1
44.Be2 Nc3 45.Bd3 Ke5 46.Nb6 Kd4 47.Nc4 Kxd3 48.Nxd6 f6 49.Kg2 Ke2 50.Ne8 Nxe4
51.d6 Nxd6 52.Nxd6 Ke3 53.Kh3 f5 54.Nxf5+  1-0

[Event "VII Ugra Governor's Cup"]
[Site "Khanty-Mansiysk RUS"]
[Date "2011.09.05"]
[Round "6"]
[White "Shinkevich,V"]
[Black "Sergeev,Ve"]
[Result "1-0"]
[WhiteElo "2474"]
[BlackElo "2395"]

1.d4 Nf6 2.Nf3 g6 3.c4 Bg7 4.g3 O-O 5.Bg2 d6 6.Nc3 Nc6 7.O-O Bf5 8.Ne1 Qc8
9.e4 Bh3 10.Nc2 Bxg2 11.Kxg2 e5 12.d5 Ne7 13.f3 Nd7 14.Be3 f5 15.b4 a5 16.a3 axb4
17.axb4 Rxa1 18.Qxa1 c6 19.dxc6 Qxc6 20.Qa2 Rc8 21.c5+ Kf8 22.b5 Qc7 23.b6 Qb8
24.Nb5 Nxc5 25.Rd1 Rc6 26.Qa7 Qc8 27.Bxc5 dxc5 28.Ne3 Bf6 29.Nd6 Qe6 30.Nec4 fxe4
31.fxe4 Nc8 32.Qb8 Qd7 33.Rd2 h5 34.h3 Qe6 35.Rd5 h4 36.Nxb7 Kg7 37.Nxc5  1-0

[Event "InventiChess GM"]
[Site "Antwerp BEL"]
[Date "2011.09.06"]
[Round "4.1"]
[White "Michiels,B"]
[Black "Paehtz,E"]
[Result "1/2-1/2"]
[WhiteElo "2501"]
[BlackElo "2461"]

1.d4 Nf6 2.c4 g6 3.Nf3 Bg7 4.g3 O-O 5.Bg2 d6 6.Nc3 Nc6 7.O-O a6 8.b3 Rb8
9.Nd5 Nh5 10.Bb2 e6 11.Nc3 b5 12.Rb1 Na5 13.Qd3 d5 14.cxd5 exd5 15.Rbc1 Bf5
16.Qd2 c6 17.Ne5 Nf6 18.Nd1 Qb6 19.Ba1 Nd7 20.Nxd7 Bxd7 21.Nb2 Nb7 22.Nd3 Rbc8
23.Ne5 Be6 24.Bc3 a5 25.e3 Qa6 26.Rfd1 Rfd8 27.h3 b4 28.Bb2 Qb6 29.Bf1 Nd6
30.Qe2 Bxe5 31.dxe5 Ne4 32.Kh2 h5 33.f3 Ng5 34.h4 Nh7 35.Rc2 Nf8 36.Rdc1 Nd7
37.g4 hxg4 38.fxg4 Qb8 39.Bh3 c5 40.Kg1 c4 41.Bd4 Nc5 42.h5 Ne4 43.Bg2 cxb3
44.axb3 Rxc2 45.Rxc2 gxh5 46.gxh5 Kh8 47.Bxe4 dxe4 48.Qf1 Rg8+ 49.Rg2 Rxg2+  1/2-1/2

[Event "5th ch-Euro IBCA"]
[Site "Rhodes GRE"]
[Date "2011.09.07"]
[Round "2.7"]
[White "Desanjose Candalija,E"]
[Black "Lindenmair,A"]
[Result "1-0"]
[WhiteElo "2275"]
[BlackElo "2077"]

1.d4 Nf6 2.c4 g6 3.g3 Bg7 4.Bg2 O-O 5.Nf3 d6 6.Nc3 c6 7.O-O Qa5 8.e4 e5 9.h3 Nbd7
10.Re1 a6 11.Be3 b5 12.cxb5 axb5 13.dxe5 dxe5 14.a3 Bb7 15.Nd2 Rad8 16.Qc2 Rfe8
17.b4 Qa8 18.a4 bxa4 19.Nxa4 Qc8 20.Nc4 Bf8 21.Nc5 Nxc5 22.bxc5 Ba6 23.Reb1 Bb5
24.Qc3  1-0

[Event "InventiChess GM"]
[Site "Antwerp BEL"]
[Date "2011.09.08"]
[Round "6.1"]
[White "Michiels,B"]
[Black "Savina,A"]
[Result "1/2-1/2"]
[WhiteElo "2501"]
[BlackElo "2336"]

1.d4 Nf6 2.c4 g6 3.Nf3 Bg7 4.g3 O-O 5.Bg2 d6 6.Nc3 Nc6 7.O-O a6 8.b3 Rb8
9.Nd5 Nh5 10.Bb2 e6 11.Nc3 b5 12.Rb1 bxc4 13.bxc4 Na5 14.Qd3 c5 15.Ba3 Rxb1
16.Rxb1 cxd4 17.Ne4 d5 18.cxd5 exd5 19.Ned2 Re8 20.Nxd4 Nf6 21.e3 Ng4 22.Bc5 Ne5
23.Qe2 Nac4 24.Bb4 Bg4 25.Qf1 Nxd2 26.Bxd2 Nc4 27.Bc3 Qd7 28.Qd3 Rc8 29.Ba1 h5
30.h4 Qd6 31.Rc1 Re8 32.Nb3 Bxa1 33.Rxa1 Qf6 34.Qxd5 Ne5 35.Nd4 Rd8 36.Qe4 Bf5
37.Qf4 Nd3 38.Qg5 Qxg5 39.hxg5 Bg4 40.Bf1 Nc5 41.f3 Bd7 42.Rc1 Ne6 43.Rd1 Ba4
44.Rd3 Nxg5 45.Ra3 Bd1 46.Bg2 Rd6 47.Kf2 Ne6 48.Nxe6 Rxe6 49.Ke1 Rd6 50.e4 Bc2
51.Bf1 Rd1+ 52.Kf2 Bb1 53.Bc4 Rd6 54.Ke3 Rc6 55.Kd4 g5 56.Rc3 Kg7 57.e5 h4
58.gxh4 gxh4 59.f4 Bf5 60.Bd5 Rxc3 61.Kxc3 Be6 62.Bb7 Bxa2 63.Bxa6 Kg6 64.Kd4 Kf5
65.Ke3 Kg4 66.Bb7 Be6 67.Bf3+ Kg3 68.Be4 h3 69.f5 Bc4 70.Kd4 Bb3 71.Ke3 h2
72.Bh1 Ba2 73.Bb7 Bb3 74.Bh1 Bc4 75.Kd4 Ba2 76.e6 fxe6 77.f6 Kf4 78.Kd3 e5
79.Ke2 Kg5 80.Kf2 Kxf6 81.Kg3 Ke6 82.Bb7 h1=Q 83.Bxh1 Bd5 84.Bf3 Bxf3 85.Kxf3 Kf5
86.Ke3 e4  1/2-1/2

[Event "10th Izmir Open"]
[Site "Izmir TUR"]
[Date "2011.09.08"]
[Round "9"]
[White "Sengul,C"]
[Black "Azaladze,S"]
[Result "0-1"]
[WhiteElo "2165"]
[BlackElo "2414"]

1.Nf3 g6 2.d4 Bg7 3.c4 d6 4.g3 Nf6 5.Bg2 O-O 6.O-O c6 7.Nc3 Qa5 8.h3 Qa6
9.Nd2 Be6 10.d5 cxd5 11.cxd5 Bd7 12.a4 Rc8 13.e4 Qa5 14.Re1 Na6 15.Bf1 Qd8
16.Nc4 Bxh3 17.Bxh3 Rxc4 18.Qe2 Rb4 19.e5 dxe5 20.Rd1 Nc5 21.Bg5 Nb3 22.Rab1 Nd4
23.Qe3 Rb3 24.Bg2 h6 25.Bxf6 exf6 26.Rxd4 exd4 27.Qxd4 f5 28.Qc4 Rb6 29.a5 Rf6
30.Rd1 a6 31.Qb4 Rb8 32.Na4 Bf8 33.Qd4 f4 34.Nc3 fxg3 35.fxg3 Bg7 36.Qb4 Qd6
37.Qh4 Qc5+ 38.Kh1 Rf5 39.g4 Qf2 40.Qxf2 Rxf2 41.Ne4 Rxb2 42.d6 Rb5 43.Nd2 Rxa5
44.Nb3 Rb5 45.Rd3 Rd8 46.d7 Kf8  0-1

[Event "TCh-POL 1st League"]
[Site "Mrzezyno POL"]
[Date "2011.09.09"]
[Round "7"]
[White "Grabarczyk,M"]
[Black "Vovk,Y"]
[Result "1/2-1/2"]
[WhiteElo "2460"]
[BlackElo "2577"]

1.d4 Nf6 2.c4 g6 3.Nf3 Bg7 4.g3 O-O 5.Bg2 d6 6.Nc3 c6 7.O-O Qa5 8.Qd2 Qa6
9.b3 b5 10.cxb5 cxb5 11.Bb2 Bb7 12.a3 Ne4 13.Nxe4 Bxe4 14.Ne1 Qb7 15.Rc1 Nd7
16.Bxe4 Qxe4 17.Qd3 Nf6 18.Qxb5 Rab8 19.Qc4 a5 20.b4 axb4 21.axb4 Nd5 22.Qd3 f5
23.b5 Rb7 24.Ba1 Ra8 25.e3 Bh6 26.Qb3 Ra5 27.Ng2 Rbxb5 28.Qc4 Rb4 29.Qc8+ Kf7
30.Bc3 Nxc3 31.Qxc3 Rab5 32.Qc2 Rb2 33.Qxe4 fxe4 34.Rfe1 g5 35.Kf1 g4 36.Re2 R2b3
37.Nf4 Bxf4 38.gxf4 Rh5 39.Kg2 Rh3 40.Rd2 Rf3 41.Rc8 Rh3 42.d5 Rb4 43.Rdc2 Rb5
44.Rd2 Rh5 45.Rc4 Rbxd5 46.Rxd5 Rxd5 47.Rxe4 Rd2 48.Ra4 h5 49.Ra8 e5 50.fxe5 dxe5
51.Ra6 Kg7 52.Re6 Rd5 53.Kg3 Ra5 54.h3 gxh3 55.Kxh3 Kf7 56.Rb6 e4 57.Rb4 Re5
58.Kg3  1/2-1/2

[Event "5th ch-Euro IBCA"]
[Site "Rhodes GRE"]
[Date "2011.09.09"]
[Round "4.4"]
[White "Smirnov,Sergei1"]
[Black "Fernandez Manrique,A"]
[Result "1/2-1/2"]
[WhiteElo "2326"]
[BlackElo "2155"]

1.d4 Nf6 2.Nf3 g6 3.c4 Bg7 4.g3 O-O 5.Bg2 d6 6.O-O Nbd7 7.Nc3 e5 8.e4 c6
9.Re1 exd4 10.Nxd4 Ng4 11.f4 a6 12.h3 Qb6 13.Ne2 Ngf6 14.Kh2 Re8 15.Nc3 Qxd4
16.Qxd4 Ng4+ 17.hxg4 Bxd4 18.Rd1 Bxc3 19.bxc3 Nc5 20.Rxd6 Bxg4 21.e5 Rad8
22.Rxd8 Rxd8 23.Ba3 Na4 24.Rb1 b5 25.Bd6 Nxc3 26.Rb3 Ne2 27.c5 Nd4 28.Rd3 Ne6
29.Rd2  1/2-1/2

[Event "ch-Euro Youth b16"]
[Site "Albena BUL"]
[Date "2011.09.11"]
[Round "1.10"]
[White "Dolnak,Michal"]
[Black "Sychev,K"]
[Result "0-1"]
[WhiteElo "2098"]
[BlackElo "2389"]

1.d4 Nf6 2.c4 g6 3.Nf3 Bg7 4.g3 O-O 5.Bg2 d6 6.O-O Nc6 7.Nc3 a6 8.Ne1 e5
9.d5 Na5 10.Qd3 c5 11.dxc6 bxc6 12.Nc2 Be6 13.Ne3 Qc7 14.Rb1 Nb7 15.b4 Rad8
16.Qc2 d5 17.cxd5 cxd5 18.Ncxd5 Nxd5 19.Qxc7 Nxc7 20.Bxb7 Rb8 21.Be4 Bxa2
22.Ra1 Be6 23.Bd2 f5 24.Bb1 e4 25.Ra5 Rfd8 26.Rd1 Bd4 27.Rc1 Bb6 28.Ra2 Bxa2
29.Bxa2+ Kf8 30.Nc4 Nb5 31.Bh6+ Ke8 32.Ne5 Rb7 33.Bg5 Rc7 34.Bf7+ Rxf7 35.Nxf7 Kxf7
36.Bxd8 Bxd8 37.Kf1 Ke8 38.Rc6 Nc7 39.Ke1 Kd7 40.Rb6 Be7 41.e3 Bd6 42.Kd1 Ke6
43.Kc1 Nd5 44.Rxa6 Nxb4 45.Ra7 Nd3+ 46.Kd2 Nxf2 47.Rxh7 Ng4 48.h3 Nh2 49.Rg7 Kf6  0-1

[Event "TCh-POL 1st League"]
[Site "Mrzezyno POL"]
[Date "2011.09.11"]
[Round "9"]
[White "Marszalek,Mac"]
[Black "Fraczek,Dan"]
[Result "1/2-1/2"]
[WhiteElo "2340"]
[BlackElo "2391"]

1.Nf3 Nf6 2.d4 g6 3.g3 Bg7 4.Bg2 O-O 5.c4 d6 6.O-O Nbd7 7.Nc3 e5 8.dxe5 dxe5
9.Qc2 c6 10.Rd1 Qe7 11.h3 Nc5 12.e4 Nfd7 13.Bg5 Bf6 14.Be3 Ne6 15.Rd2 Ng5
16.Nxg5 Bxg5 17.Bxg5 Qxg5 18.Rad1 Nc5 19.Ne2 a5 20.Kh2 Qe7 21.Qc3 f6 22.Qa3 b6
23.Nc3 a4 24.Rd6 Qb7 25.Qb4 Qc7 26.Ne2 Be6 27.Nc3 Rfe8 28.Bf3 h5 29.h4 Kg7
30.R6d2 Re7 31.Ne2  1/2-1/2

[Event "8th LGA Premium Cup"]
[Site "Nuernberg GER"]
[Date "2011.09.11"]
[Round "6.33"]
[White "Hoefelsauer,T"]
[Black "Zwahr,P"]
[Result "1/2-1/2"]
[WhiteElo "2211"]
[BlackElo "2354"]

1.d4 Nf6 2.c4 g6 3.g3 Bg7 4.Bg2 O-O 5.Nf3 d6 6.Nc3 Nc6 7.O-O a6 8.e4 Bg4
9.h3 Bxf3 10.Bxf3 e5 11.Ne2 exd4 12.Nxd4 Ne5 13.Qe2 Nxf3+ 14.Qxf3 Re8 15.Re1 Nd7
16.Ne2 Qf6 17.Qxf6 Bxf6 18.Nf4 Ne5 19.Nd5 Bd8 20.Re2 Nxc4 21.b3 Ne5 22.Kg2 Nd7
23.Ba3 Nf6 24.Rae1 Nxd5 25.exd5 Rxe2 26.Rxe2 Kf8 27.Bc1 Bf6 28.g4 Bg7 29.Kf3 Re8
30.Rxe8+ Kxe8 31.Ke4 Be5 32.f4 Bf6 33.a4 Bc3 34.f5 Kd7 35.h4 Be1 36.fxg6 fxg6
37.h5 c5 38.hxg6 hxg6 39.Kd3 b5 40.axb5 axb5 41.Bf4 Bf2 42.g5 Bd4 43.Bd2 Be5
44.Be3 Kc7 45.Bc1 Kb6 46.Be3 Bg3 47.Bd2 Bf2 48.Bf4 c4+ 49.bxc4 Kc5 50.cxb5 Kxd5
51.Be3 Be1 52.b6 Kc6 53.Ke4 Bc3 54.Bc1 d5+ 55.Kd3 Ba5 56.b7 Kxb7 57.Kd4 Kc6
58.Ke5 Bc3+ 59.Ke6 Kc5 60.Kf7 Ba5  1/2-1/2

[Event "8th LGA Premium Cup"]
[Site "Nuernberg GER"]
[Date "2011.09.11"]
[Round "6.34"]
[White "Espig,L"]
[Black "Fuchs,Ju"]
[Result "1/2-1/2"]
[WhiteElo "2346"]
[BlackElo "2217"]

1.d4 Nf6 2.c4 g6 3.Nf3 Bg7 4.g3 O-O 5.Bg2 d6 6.O-O Nc6 7.Nc3 a6 8.Bd2 e5
9.d5 Nd4 10.Ne1 Bd7 11.e3 Nf5 12.Nd3 c5 13.a4 b5 14.axb5 axb5 15.cxb5 Qb6
16.b4 cxb4 17.Nxb4 Bxb5 18.Nxb5 Qxb5 19.Qc2 Rac8 20.Qa4 Qe2 21.Qd1 Qb5 22.Qa4 Qe2
23.Qd1 Qb5  1/2-1/2

[Event "ch-Euro Youth g18"]
[Site "Albena BUL"]
[Date "2011.09.12"]
[Round "2.4"]
[White "Kazimova,N"]
[Black "De Seroux,C"]
[Result "0-1"]
[WhiteElo "2245"]
[BlackElo "2057"]

1.Nf3 Nf6 2.c4 g6 3.d4 Bg7 4.g3 O-O 5.Bg2 d6 6.O-O Nbd7 7.Nc3 e5 8.e4 a6
9.h3 b5 10.dxe5 Nxe5 11.Nxe5 dxe5 12.Qe2 c6 13.Be3 Be6 14.cxb5 axb5 15.b3 Qe7
16.Rac1 Rfd8 17.Kh2 h5 18.Qc2 Ra6 19.Rfd1 Rda8 20.Rd2 c5 21.Qd1 b4 22.Nd5 Qb7
23.Bxc5 Rxa2 24.Rxa2 Rxa2 25.Nxb4 Rb2 26.Rc3 Nxe4 27.Qc1 Re2 28.Bf3 Rxf2+
29.Bxf2 Qxb4 30.Rc2 Nxf2 31.Rxf2 Qxb3 32.Bg2 Qd3 33.Rd2 Qf5 34.Qc6 h4 35.Qf3 hxg3+
36.Qxg3 Bh6 37.Rd8+ Kg7 38.Qh4 Bf4+ 39.Kg1 Be3+ 40.Kh2 Bf4+ 41.Kg1 Qb1+ 42.Bf1 Qb6+
43.Kg2 Qc6+ 44.Kg1 Qc5+  0-1

[Event "2nd Zlatni Rat Open"]
[Site "Bol CRO"]
[Date "2011.09.13"]
[Round "5.6"]
[White "Saric,A"]
[Black "Ivic,Mat"]
[Result "1/2-1/2"]
[WhiteElo "2489"]
[BlackElo "2290"]

1.d4 Nf6 2.c4 g6 3.Nf3 Bg7 4.g3 O-O 5.Bg2 d6 6.O-O c5 7.d5 e6 8.dxe6 Bxe6
9.Ng5 Bc8 10.Nc3 Nc6 11.Nb5 h6 12.Nh3 Be6 13.Qxd6 Bxc4 14.Qxc5 Bxe2 15.Re1 Nd7
16.Qd5 Bxb5 17.Qxb5 Nd4 18.Qxb7 Qa5 19.Bf4 Nb6 20.b4 Qxb4 21.Qa6 Rae8 22.Rxe8 Rxe8
23.Rf1 g5 24.Be3 Re7 25.Qd3 Qc4 26.Rd1 Qxd3 27.Rxd3 Rd7 28.Kf1 Nc4 29.Ng1 Nb6
30.Bh3 Rd5 31.Bg2 Rd7 32.Bh3 Rd5 33.Ra3 Nc2 34.Rxa7 Nxe3+ 35.fxe3 Rd2 36.Nf3 Rc2
37.Bf5 Rb2 38.Rb7 Bc3 39.h4 gxh4 40.Nxh4 Ba5 41.Bg4 Rxa2 42.Bh5 Rd2 43.Bxf7+ Kg7
44.Bb3+ Rd7 45.Rb8 Rd3 46.Bc2 Rc3 47.Be4 Nc4 48.Nf5+ Kf6 49.Ke2 Ra3 50.Bd3 Ra2+
51.Kf3 Ne5+ 52.Ke4 Ra4+ 53.Nd4 Nf7 54.Bc2 Ng5+ 55.Kd3 Ra3+ 56.Bb3 Bc7 57.Rb7 Bxg3
58.Rb6+ Ke5 59.Rxh6 Bf2 60.Rb6 Bg3 61.Ke2 Ra8 62.Rb5+ Kf6 63.Rf5+ Kg6 64.Bc2 Kh6
65.Rf6+ Kh5 66.Rf1 Be5 67.Rh1+ Kg4 68.Bf5+ Kg3 69.Rg1+ Kh4 70.Nc6 Ra2+ 71.Kd3 Ra3+
72.Ke2 Ra2+ 73.Kd3 Ra3+ 74.Kc4 Rxe3 75.Ne7 Nf3 76.Ng6+ Kh5 77.Bg4+ Kxg6 78.Bxf3+  1/2-1/2

[Event "ch-Euro Youth g18"]
[Site "Albena BUL"]
[Date "2011.09.14"]
[Round "4.6"]
[White "Kazimova,N"]
[Black "Bezkorovaina,M"]
[Result "1-0"]
[WhiteElo "2245"]
[BlackElo "2023"]

1.Nf3 Nf6 2.c4 g6 3.d4 Bg7 4.g3 O-O 5.Bg2 d6 6.O-O Nbd7 7.Nc3 e5 8.e4 c6
9.h3 Qa5 10.Be3 exd4 11.Nxd4 Re8 12.a3 Nb6 13.Qe2 Nfd7 14.Rfd1 Na4 15.Nxa4 Qxa4
16.b3 Qa5 17.Ra2 Qc7 18.Qc2 a5 19.Nf3 a4 20.b4 Ne5 21.Nd2 f5 22.f4 Nf7 23.Bf2 Be6
24.Kh2 b5 25.exf5 Bxf5 26.Qc1 Re2 27.Rf1 Bd3 28.cxb5 Bxb5 29.Rc2 Rc8 30.Bf3 Re7
31.Re1 Rxe1 32.Qxe1 Qd8 33.Nc4 Qe8 34.Qc1 d5 35.Na5 Nd6 36.Nxc6 Bc4 37.Na5 Qb5
38.Qd2 Bd3 39.Rxc8+ Nxc8 40.Qe3 Bf5 41.Qe1 Nd6 42.Qe7 Ne4 43.Qd8+ Kf7 44.Qc7+ Qd7
45.Qxd7+ Bxd7 46.Bg1 Bb2 47.Bxe4 dxe4 48.Nc4 Bc1 49.Be3 Bxe3 50.Nxe3 Kf6
51.h4 Bb5 52.g4 Bd7 53.g5+ Ke7 54.Kg2 Ke6 55.Kf2 Bb5 56.Ke1 Bd3 57.Kd2  1-0

[Event "10th Istanbul Open A"]
[Site "Istanbul TUR"]
[Date "2011.09.14"]
[Round "4"]
[White "Bagaturov,G"]
[Black "Duman,A"]
[Result "1-0"]
[WhiteElo "2468"]
[BlackElo "2204"]

1.d4 Nf6 2.Nf3 g6 3.c4 Bg7 4.g3 O-O 5.Bg2 d6 6.Nc3 Nbd7 7.O-O e5 8.e4 exd4
9.Nxd4 Re8 10.h3 a6 11.Re1 Rb8 12.a4 Ne5 13.b3 c5 14.Nc2 Nc6 15.Bb2 Be6 16.Rb1 h5
17.Re3 Nh7 18.Rd3 Qc8 19.h4 Be5 20.f4 Bg7 21.Rxd6 Nd4 22.Nxd4 cxd4 23.Rxd4 Bxd4+
24.Qxd4 f6 25.Nd5 Bxd5 26.cxd5 Qc2 27.Re1 b6 28.e5 Qc5 29.d6 Rbd8 30.Bd5+ Kg7
31.Rc1 Qxd4+ 32.Bxd4 Nf8 33.Bxb6 Rc8 34.Rxc8 Rxc8 35.e6  1-0

[Event "5th ch-Euro IBCA"]
[Site "Rhodes GRE"]
[Date "2011.09.14"]
[Round "8.2"]
[White "Smirnov,Sergei1"]
[Black "Mueller,Oli"]
[Result "1-0"]
[WhiteElo "2326"]
[BlackElo "2331"]

1.d4 Nf6 2.Nf3 g6 3.c4 Bg7 4.g3 O-O 5.Bg2 d6 6.O-O Nc6 7.Nc3 a6 8.d5 Na5
9.Nd2 c5 10.Rb1 Rb8 11.Qc2 b5 12.b3 e6 13.Bb2 Re8 14.Rfe1 Bd7 15.h3 e5 16.e4 Bh6
17.Nd1 bxc4 18.Nxc4 Nxc4 19.bxc4 Rb4 20.Bc3 Ba4 21.Qd3 Rxb1 22.Qxb1 Qc7 23.Nb2 Rb8
24.f4 Nh5 25.Qd3 Bd7 26.fxe5 dxe5 27.Qf3 f6 28.Nd3 Qd6 29.Qf2 Rc8 30.Rb1 Qc7
31.Kh2 Bg7 32.Bf3 f5 33.Bxh5 fxe4 34.Nxc5 gxh5 35.Nxd7 Qxd7 36.Qe2 h4 37.gxh4 Rf8
38.Rg1 Qf5 39.c5 Qf4+ 40.Rg3 Kh8 41.Bd2 Qf5 42.Qg4 Qf7 43.Qxe4 Rd8 44.d6 Qxa2
45.Rg2 Qe6 46.Bg5 Rb8 47.Qg4  1-0

[Event "ch-Euro Youth b18"]
[Site "Albena BUL"]
[Date "2011.09.15"]
[Round "5.38"]
[White "Komut,B"]
[Black "Titov,T"]
[Result "1-0"]
[WhiteElo "2007"]
[BlackElo "1867"]

1.d4 Nf6 2.Nf3 d6 3.c4 g6 4.g3 Bg7 5.Bg2 O-O 6.Nc3 Bf5 7.O-O Ne4 8.Nxe4 Bxe4
9.Be3 Qc8 10.Qd2 c5 11.d5 Re8 12.Bh6 Bh8 13.Ng5 Bxg2 14.Kxg2 Nd7 15.f4 Nf6
16.h3 Qf5 17.g4 Qd7 18.e4 e5 19.f5 Re7 20.Rf3 b5 21.Raf1 Ne8 22.fxg6 hxg6
23.Rxf7 Rxf7 24.Rxf7 Qxf7 25.Nxf7 Kxf7 26.Qf2+ Kg8 27.Qf8+ Kh7 28.cxb5 c4
29.g5 Rc8 30.Qf7+ Bg7 31.Bxg7 Nxg7 32.Qxa7 c3 33.bxc3 Rxc3 34.b6 Rc2+ 35.Kf1  1-0

[Event "11th Josipa Ipavca Mem"]
[Site "Sentjur SLO"]
[Date "2011.09.16"]
[Round "3.4"]
[White "Florjancic,R"]
[Black "Gorsek,G"]
[Result "0-1"]
[WhiteElo "1961"]
[BlackElo "2129"]

1.Nf3 g6 2.g3 Bg7 3.Bg2 d6 4.d4 Nf6 5.c4 O-O 6.Nc3 c6 7.O-O Bg4 8.Qc2 Nbd7
9.b3 e5 10.Rd1 Bxf3 11.exf3 exd4 12.Rxd4 Nd5 13.cxd5 Bxd4 14.dxc6 bxc6 15.Bb2 d5
16.f4 Bg7 17.Rd1 Rc8 18.f5 Qe7 19.h4 Rfe8 20.Bh3 Rcd8 21.fxg6 hxg6 22.Kg2 d4
23.Nb1 d3 24.Qd2 Qe4+ 25.Kg1 Bxb2 26.Qxb2 Qe2 27.Rd2 Qe1+ 28.Kg2 Re2 29.Rxe2 dxe2
30.Nd2 Qd1 31.Bg4 e1=Q 32.Bxd1 Qxd1 33.Qd4 Qh5 34.f3 Qd5 35.Qc3 f5 36.Nc4 Re8
37.Ne3 Qe6 38.Kf2 Nb6 39.Qd3 Nd5 40.Nc2 Nb4 41.Nxb4 Qe1+  0-1

[Event "ch-Vienna State"]
[Site "Vienna AUT"]
[Date "2011.09.16"]
[Round "7"]
[White "Stanec,N"]
[Black "Alvir,A"]
[Result "1-0"]
[WhiteElo "2543"]
[BlackElo "2354"]

1.Nf3 g6 2.c4 Bg7 3.d4 Nf6 4.g3 O-O 5.Bg2 d6 6.Nc3 c5 7.dxc5 dxc5 8.Qxd8 Rxd8
9.Be3 Na6 10.O-O Ne8 11.Rad1 Nd6 12.Nd5 Bg4 13.Bg5 f6 14.Bc1 Kf7 15.h3 Bd7
16.b3 Bc6 17.Rfe1 e6 18.Nc3 Ke7 19.e4 Nf7 20.Bb2 Rxd1 21.Rxd1 Nc7 22.Ba3 b6
23.b4 cxb4 24.Bxb4+ Ke8 25.Nd4 Bd7 26.e5 fxe5 27.Ndb5 Nxb5 28.Bxa8 Nxc3 29.Bxc3 Bf8
30.h4 Bd6 31.Bd2 Bc5 32.Be3 Ke7 33.Bxc5+ bxc5 34.Rb1 Nd6 35.Bg2 Bc8 36.Rb8 Ba6
37.Rh8 Bxc4 38.Rxh7+ Nf7 39.Be4 Kf6 40.g4 g5 41.h5 Bxa2 42.Bg6  1-0

[Event "ch-Euro Youth g16"]
[Site "Albena BUL"]
[Date "2011.09.17"]
[Round "6.1"]
[White "Severina,M"]
[Black "Tantsiura,M"]
[Result "1/2-1/2"]
[WhiteElo "2154"]
[BlackElo "2138"]

1.d4 Nf6 2.Nf3 g6 3.c4 Bg7 4.g3 O-O 5.Bg2 d6 6.Nc3 c6 7.O-O Qa5 8.e4 e5 9.h3 Nbd7
10.Re1 Re8 11.Rb1 Qb4 12.Bf1 exd4 13.Nxd4 Nc5 14.Nc2 Qb6 15.Bg2 Qc7 16.Bf4 Rd8
17.b4 Ne6 18.Bd2 Nd7 19.Kh2 Nb6 20.Qe2 Nd4 21.Nxd4 Bxd4 22.Qd3 Bg7 23.Rbc1 f5
24.Bg5 Rf8 25.c5 dxc5 26.bxc5 Nd7 27.Qc4+ Kh8 28.f4 h6 29.Bh4 g5 30.fxg5 f4
31.gxh6 Bxh6 32.Qe6 Bg7 33.gxf4 Ne5 34.Qe7 Qxe7 35.Bxe7 Rxf4 36.Red1 Be6
37.Bd6 Rf2 38.Kg1 Rf7 39.Rf1 Rxf1+ 40.Rxf1 Nc4 41.e5 Nxd6 42.cxd6 Bxe5 43.Re1 Bd4+
44.Kh1 Re8 45.Ne2 Be5 46.Rb1 Bxd6 47.Rxb7 Bxa2 48.Bf3 a5 49.Nd4 c5 50.Nb5 Bf4
51.Ra7 Bd2 52.Nd6 Rf8 53.Kg2 Bb3 54.Nb7 Rf7 55.Ra8+ Kg7 56.Nxc5 Rxf3 57.Kxf3 Bd5+  1/2-1/2